| 000 | 00431nam a22001457a 4500 | ||
|---|---|---|---|
| 082 |
_a894-812 _bSIV/P |
||
| 100 | _aKERALA SASTHRA SAHITHYA PARISHATH | ||
| 245 |
_aPARISTHITHI PARICHAYAKOSHAM _bABOUT ENVIRONMENT |
||
| 246 |
_aPARISTHITHI PARICHAYAKOSHAM _bABOUT ENVIRONMENT |
||
| 260 |
_a.KOCHI _bKERALA SASTHRA SAHITHYA PARISHATH _c2000 |
||
| 300 | _a220 | ||
| 520 | _aABOUT ENVIRONMENT | ||
| 650 | _aABOUT ENVIRONMENT | ||
| 942 | _cBK | ||
| 999 |
_c1237 _d1237 |
||